000 00631nam a2200205 a 4500
005 20250524063829.0
008 991125s1979 ea 000 0 eng u
020 _a0387902651
035 _aUPN01000054789
049 _aCG
050 4 _aLB2846
_bK8.8
100 1 _aKurtz, Albert K.
245 1 0 _aStatistical methods in education and psychology /
_cAlbert K. Kurtz, Samuel T. Mayo.
260 _aNew York :
_bSpringer-Verlag,
_c1979.
300 _a538 p. :
_bil.
650 4 _aEducación
_vEstadística
_97284
650 4 _aMediciones y pruebas educativas
_94299
700 1 _aMayo, Samuel Turberville,
_ecoaut.
905 _aLibro
999 _c54789
_d54789